000 00431nam a2200157 i 4500
001 21312
003 ES-MaACL
005 20230906152446.0
007 t|
008 021122s1972 sp ||||1| spa d
100 1 _aAdan García, Emilio.
_918410
245 1 3 _aEl hombre frente a la empresa /
_cEmilio Adan García.
260 _a[Madrid] :
_bIndice,
_c[1972]
300 _a153 p. ;
_c22 cm.
852 _aES-MaACL
_jC-47872
_bR.84458
999 _c21312
_d21312